La science A-Z - Statistiques

Statistiques générales
  • Ce quiz a été pris 287 fois
  • Le résultat moyen est 13 sur 26
Statistiques - réponses
Lettres Indices Réponses % Correct
A Gaz représentant environ 78 % de l’air Azote
100%
G Petite masse coagulée dans un liquide, on peut aussi en retrouver dans une pâte mal mélangée lors de la préparation d'une crêpe ou d'un gâteau Grumeau
80%
C Processus permettant la multiplication naturelle ou artificielle à l'identique d'un être vivant Clonage
79%
I Entité chimique portant une charge électrique non nulle Ion
78%
F Ose (sucre simple non hydrolysable) du groupe des cétoses, que l'on trouve en abondance dans les fruits et le miel Fructose
73%
U Rayonnement électromagnétique de longueur d'onde inférieure à celle de la lumière visible Ultraviolet
71%
P Organe vital du corps humain qui joue un double rôle : digestif et hormonal. Il se trouve du côté droit du corps, sous le foie et derrière l'estomac Pancréas
69%
S Seconde couche de l'atmosphère terrestre, comprise entre la troposphère et la mésosphère Stratosphère
67%
J Plante à fleurs de la famille des Oleaceae parfois utilisée pour aromatiser le thé, elle a aussi effets d'aromathérapie sur le bien-être Jasmin
66%
X Gaz noble, inodore et incolore, il permet d'émettre une lumière bleu dans une lampe à décharche Xénon
64%
Q Espèce minérale dure et cristalline composée d'atomes de silicium et d'oxygène, elle appartient au groupe des silicates Quartz
61%
E Grandeur physique associée à la notion de travail (déplacement d'une charge) Énergie
50%
M Ensemble de phénomènes physiques dans lesquels les objets exercent des forces attractives ou répulsives sur d'autres matériaux Magnétisme
48%
R Métier dans lequel le médecin est spécialiste des maladies articulaires et musculosquelettiques Rhumatologue
48%
N Objet céleste composé de gaz raréfié, de plasma ou de poussières interstellaires Nébuleuse
45%
O Réaction chimique au cours de laquelle se produit un transfert d'électrons(exemple : 4 Fe + 3 O2 ⟶ 2 Fe2O3) Oxydoréduction
39%
H Composé organique constitué exclusivement d'atomes de carbone et d'hydrogène. Sa formule brute est de la forme : CₙHₘ Hydrocarbure
37%
B Amas de fines gouttelettes ou de fins cristaux de glace qui se sont formés sur des particules hygroscopiques microscopiques Brume/Brouillard
31%
D Molécule biochimique qui permet la communication au sein du système nerveux Dopamine
28%
V Ensemble des phénomènes de résistance au mouvement d'un fluide pour un écoulement avec ou sans turbulence Viscosité
26%
Y Élément chimique de numéro atomique 39 Yttrium
25%
T Modèle scientifique expliquant la dynamique globale de la lithosphère terrestre Tectonique des plaques
20%
K Argile blanche, friable et réfractaire, elle est composée silicates d’aluminium et sert à la fabrication de la procelaine Kaolin
18%
Z Maladie infectieuse transmissible de l'animal à l'homme Zoonose
16%
L Technique de référence en chirurgie réfractive par laser permettant de corriger la myopie Lasik
7%
W Physicien allemand ayant reçu le prix nobel pour ses découvertes sur les lois du rayonnement de la chaleur Wilhelm Wien
6%
Aucun quiz correspondant
Distribution des résultats
% des personnes avec chaque résultat
Percentile par nombre de réponses
Votre historique - résultats
Vous n’avez pas pris ce quiz